| 000 | 01232nam a2200229Ia 4500 | ||
|---|---|---|---|
| 999 |
_c41493 _d41493 |
||
| 001 | 8160 | ||
| 003 | GE_BSU | ||
| 005 | 20240329154134.0 | ||
| 008 | 181216s2013||||ge |||||||||||||| ||geo|| | ||
| 040 | _cGE_BSU | ||
| 041 | _ageo | ||
| 080 | _a930.25(479.223) ა-86 | ||
| 245 |
_aარხეიონი Archeion. 6 : _bაჭარის ავტონომიური რესპუბლიკის მთავრობის საქვეუწყებო დაწესებულება–საარქივო სამმართველო / _cრედ.- შემდ. თამაზ ფუტკარაძე. |
||
| 264 |
_aბათუმი : _bუნივერსალი, _c2013. |
||
| 300 |
_a117 გვ. ; _c27 სმ. |
||
| 541 | _h8ლ. | ||
| 653 | _aარქივი | ||
| 653 | _aარხეიონი 6 | ||
| 653 | _aაჭარის ავტონომიური რესპუბლიკის მთავრობის საქვეუწყებო დაწესბულება.-საარქივო სამმართველო. | ||
| 700 |
_aფუტკარაძე, თამაზ _eრედაქტორი _921635 |
||
| 942 |
_cBK _2udc |
||